مكتبة جامعة عجلون الوطنية

فهرس بحث المكتبة

درجة استخدام معلمي غرف المصادر لمهارات التفكير البصري مع طلبة ذوي صعوبات التعلم في ضوء بعض المتغيرات = The Degree to which Resource Room Teachers Use Apply Visual Thinking Skills to Students with Learning Disabilties in Light of Some Variables / (Record no. 33568)

MARC details
000 -LEADER
fixed length control field 01137nam a22001937a 4500
003 - CONTROL NUMBER IDENTIFIER
control field JO-AjAnu
005 - DATE AND TIME OF LATEST TRANSACTION
control field 20240708135912.0
008 - FIXED-LENGTH DATA ELEMENTS--GENERAL INFORMATION
fixed length control field 240707b jo ||||| |||| 00| 0 ara d
040 ## - CATALOGING SOURCE
Original cataloging agency JO-AjAnu
Language of cataloging ara
Transcribing agency JO-AjAnu
041 ## - LANGUAGE CODE
Language code of original ara
100 #0 - MAIN ENTRY--PERSONAL NAME
Personal name المومني، انس رياض
Relator term معد
9 (RLIN) 66029
245 #1 - TITLE STATEMENT
Title درجة استخدام معلمي غرف المصادر لمهارات التفكير البصري مع طلبة ذوي صعوبات التعلم في ضوء بعض المتغيرات = The Degree to which Resource Room Teachers Use Apply Visual Thinking Skills to Students with Learning Disabilties in Light of Some Variables /
Statement of responsibility, etc. إعداد انس رياض المومني ؛ اشراف ريم عبدالله الكناني
260 ## - PUBLICATION, DISTRIBUTION, ETC.
Date of publication, distribution, etc. 2024
300 ## - PHYSICAL DESCRIPTION
Extent 88 ورقة
500 ## - GENERAL NOTE
General note رسالة جامعية (اطروحة ماجستير) جامعة عجلون الوطنية ، كلية العلوم التربوية/تخصص صعوبات التعلم، 2024
650 ## - SUBJECT ADDED ENTRY--TOPICAL TERM
Form subdivision صعوبات التعلم-الرسائل التعلمية
700 ## - ADDED ENTRY--PERSONAL NAME
Personal name الكناني، ريم عبدالله
Relator term مشرف
9 (RLIN) 64923
942 ## - ADDED ENTRY ELEMENTS (KOHA)
Source of classification or shelving scheme Library of Congress Classification
Koha item type Thesis
Suppress in OPAC No
Holdings
Withdrawn status Lost status Source of classification or shelving scheme Damaged status Not for loan Home library Current library Date acquired Total Checkouts Full call number Barcode Date last seen Price effective from Koha item type
    Library of Congress Classification     مكتبة جامعة عجلون الوطنية مكتبة جامعة عجلون الوطنية 07/07/2024   LC4023.2024 A29929 07/07/2024 07/07/2024 Thesis
    Library of Congress Classification     مكتبة جامعة عجلون الوطنية مكتبة جامعة عجلون الوطنية 07/07/2024   LC4023.2024 A29928 07/07/2024 07/07/2024 Thesis